Recenzia publikácie Szarková, M. : Personálny manažment pre prax

Gespeichert in:
Bibliographische Detailangaben
1. Verfasser: Harumová, Anna, 1955-
Format: Buchkapitel
Sprache:Slowakisch
Tags: Tag hinzufügen
Keine Tags, Fügen Sie das erste Tag hinzu!

MARC

LEADER 00000naa$a2200000$$$4500
001 0104694
005 20240502072141.0
041 0 |a slo 
044 |a SK 
245 1 0 |a Recenzia publikácie Szarková, M. : Personálny manažment pre prax  |c Anna Harumová 
100 1 |a Harumová, Anna, 1955-